书目信息 |
| 题名: |
一本书读懂智能网联汽车
|
|
| 作者: | 崔胜民 编著 | |
| 分册: | ||
| 出版信息: | 北京 化学工业出版社 2019 |
|
| 页数: | 178页 | |
| 开本: | 24cm | |
| 丛书名: | ||
| 单 册: | ||
| 中图分类: | U463.67 | |
| 科图分类: | ||
| 主题词: | 汽车--qi che--智能通信网 | |
| 电子资源: | ||
| ISBN: | 978-7-122-33649-1 | |
| 000 | 00915nam0 2200229 450 | |
| 001 | 1953876253 | |
| 005 | 20190604102415.5 | |
| 010 | @a978-7-122-33649-1@dCNY 68.00 | |
| 099 | @aCAL 012019071490 | |
| 100 | @a20190426d2019 em y0chiy50 ea | |
| 101 | 0 | @achi |
| 102 | @aCN@b110000 | |
| 105 | @aak z 000yy | |
| 200 | 1 | @a一本书读懂智能网联汽车@Ayi ben shu du dong zhi neng wang lian qi che@f崔胜民编著 |
| 210 | @a北京@c化学工业出版社@d2019 | |
| 215 | @a178页@c图 (部分彩图)@d24cm | |
| 330 | @a本书对智能网联汽车的相关问题进行了精心汇集和分类, 主要内容包括: 智能网联汽车的基本概念、技术分级、体系结构、关键技术、发展目标和标准体系, 以及智能网联汽车的环境感知技术、无线通信技术、网络技术、导航定位技术和先进驾驶辅助技术所涉及的各种典型问题。 | |
| 606 | 0 | @a汽车@Aqi che@x智能通信网 |
| 690 | @aU463.67@v5 | |
| 701 | 0 | @a崔胜民@Acui sheng min@4编著 |
| 801 | 0 | @aCN@b人天书店@c20190426 |
| 905 | @aBZT@dU463.67@e4 | |
| 一本书读懂智能网联汽车/崔胜民编著.-北京:化学工业出版社,2019 |
| 178页:图 (部分彩图);24cm |
| ISBN 978-7-122-33649-1:CNY 68.00 |
| 本书对智能网联汽车的相关问题进行了精心汇集和分类, 主要内容包括: 智能网联汽车的基本概念、技术分级、体系结构、关键技术、发展目标和标准体系, 以及智能网联汽车的环境感知技术、无线通信技术、网络技术、导航定位技术和先进驾驶辅助技术所涉及的各种典型问题。 |
| ● |
| 相关链接 |
|
|
|
正题名:一本书读懂智能网联汽车
索取号:U463.67/4
 
预约/预借
| 序号 | 登录号 | 条形码 | 馆藏地/架位号 | 状态 | 备注 |
| 1 | 864865 | 2000864865 | 第二书库/ [索取号:U463.67/4] | 在馆 | |
| 2 | 864866 | 2000864866 | 第二书库/ [索取号:U463.67/4] | 在馆 | |
| 3 | 864867 | 2000864867 | 第二书库/ [索取号:U463.67/4] | 在馆 |